| 000 | 00342nam a22001457a 4500 | ||
|---|---|---|---|
| 003 | SGT | ||
| 020 | _a978-81-239-1617-0 | ||
| 082 |
_a615.4 _bP18N |
||
| 100 | _aNEMA,RAJESH KUMAR | ||
| 245 | _aA PRACTICAL APPROACH TO PHARMACEUTICAL ANALYSIS | ||
| 260 |
_aNEW DEELHI _bCBS PUB _c2018 |
||
| 300 | _a207 | ||
| 650 | _aPHARMACY | ||
| 942 |
_2ddc _cBK |
||
| 999 |
_c16072 _d16072 |
||